Obras publicadas e inéditas de D. Gaspar Melchor de Jovellanos / (Record n. 7988)
[ formato base ]
| 000 -LEADER | |
|---|---|
| fixed length control field | 00877nam a2200241 i 4500 |
| 003 - CONTROL NUMBER IDENTIFIER | |
| control field | IT-RoINE |
| 005 - DATE AND TIME OF LATEST TRANSACTION | |
| control field | 20150220115550.0 |
| 008 - FIXED-LENGTH DATA ELEMENTS--GENERAL INFORMATION | |
| fixed length control field | 920725m19511956sp spa |
| 040 ## - CATALOGING SOURCE | |
| Original cataloging agency | SpMaBN |
| Language of cataloging | spa |
| Transcribing agency | A2 |
| Modifying agency | IT-RoINE |
| 100 1# - MAIN ENTRY--PERSONAL NAME | |
| Personal name | Jovellanos, Gaspar Melchor de, |
| Dates associated with a name | 1744-1811 |
| 9 (RLIN) | 7332 |
| 245 10 - TITLE STATEMENT | |
| Title | Obras publicadas e inéditas de D. Gaspar Melchor de Jovellanos / |
| Statement of responsibility, etc | colección hecha e ilustrada por Candido Nocedad. |
| 260 ## - PUBLICATION, DISTRIBUTION, ETC. (IMPRINT) | |
| Place of publication, distribution, etc | Madrid : |
| Name of publisher, distributor, etc | Atlas, |
| Date of publication, distribution, etc | 1951-1956. |
| 300 ## - PHYSICAL DESCRIPTION | |
| Extent | 5 v. ; |
| Dimensions | 26 cm. |
| 336 ## - CONTENT TYPE | |
| Source | rdacontent |
| Content type term | text |
| 337 ## - MEDIA TYPE | |
| Source | rdamedia |
| Media type term | unmediated |
| 338 ## - CARRIER TYPE | |
| Source | rdacarrier |
| Carrier type term | volume |
| 490 1# - SERIES STATEMENT | |
| Series statement | Biblioteca de autores españoles ; |
| Volume number/sequential designation | 46, 50, 85-87 |
| 505 0# - FORMATTED CONTENTS NOTE | |
| Formatted contents note | T. I. -- T. II. -- T. III. -- T. IV. -- T. V. |
| 700 1# - ADDED ENTRY--PERSONAL NAME | |
| Personal name | Nocedal, Cándido, |
| Dates associated with a name | 1821-1885 |
| 9 (RLIN) | 16539 |
| 700 1# - ADDED ENTRY--PERSONAL NAME | |
| 9 (RLIN) | 8075 |
| Personal name | Artola, Miguel, |
| Dates associated with a name | 1923- |
| 830 #0 - SERIES ADDED ENTRY--UNIFORM TITLE | |
| 9 (RLIN) | 12318 |
| Uniform title | Biblioteca de autores españoles |
| 942 ## - ADDED ENTRY ELEMENTS (KOHA) | |
| Item type | Monografías |
| Withdrawn status | Lost status | Damaged status | Not for loan | Home library | Current library | Date acquired | Total Checkouts | Full call number | Barcode | Date last seen | Price effective from | Koha item type | Public note |
|---|---|---|---|---|---|---|---|---|---|---|---|---|---|
| Iglesia Nacional Española en Roma | Iglesia Nacional Española en Roma | 06/02/2015 | COL.A 20.46 | 10648 | 06/02/2015 | 06/02/2015 | Monografías | T. I | |||||
| Iglesia Nacional Española en Roma | Iglesia Nacional Española en Roma | 06/02/2015 | COL.A 20.50 | 10649 | 06/02/2015 | 06/02/2015 | Monografías | T. II | |||||
| Iglesia Nacional Española en Roma | Iglesia Nacional Española en Roma | 06/02/2015 | COL.A 20.85 | 10650 | 06/02/2015 | 06/02/2015 | Monografías | T. III | |||||
| Iglesia Nacional Española en Roma | Iglesia Nacional Española en Roma | 06/02/2015 | COL.A 20.86 | 10651 | 06/02/2015 | 06/02/2015 | Monografías | T. IV | |||||
| Iglesia Nacional Española en Roma | Iglesia Nacional Española en Roma | 06/02/2015 | COL.A 20.87 | 10653 | 06/02/2015 | 06/02/2015 | Monografías | T. V |